[Event "45th FIDE Chess Olympiad Open"]
[Site "Budapest, Hungary"]
[Date "2024.09.13"]
[Round "3.24"]
[White "L'Ami, Erwin"]
[Black "Brunello, Sabino"]
[Result "0-1"]
[WhiteElo "2628"]
[BlackElo "2511"]
[PlyCount "74"]
[EventDate "2024.??.??"]
[WhiteTeam "Netherlands"]
[BlackTeam "Italy"]
[WhiteTeamCountry "NED"]
[BlackTeamCountry "ITA"]
[WhiteClock "0:00:52"]
[BlackClock "0:02:25"]

1. d4 Nf6 2. c4 g6 3. Nc3 d5 4. cxd5 Nxd5 5. e4 Nxc3 6. bxc3 Bg7 7. Bc4 c5 8. Ne2 Nc6 9. Be3 O-O 10. O-O Bg4 11. f3 Na5 12. Bxf7+ Rxf7 13. fxg4 Rxf1+ 14. Kxf1 Qd6 15. e5 Qd5 16. Kg1 Nc4 17. Bf2 Rf8 18. g5 ({RR} 18. Qb3 Bh6 19. h3 b5 20. Rd1 Qe4 21. Ng3 Qf4 22. Nh1 Kg7 23. Qxb5 Ne3 24. Rb1 cxd4 25. cxd4 Qxd4 26. Qb7 Qxe5 27. Re1 Rd8 28. Qb3 Qe4 29. Bxe3 Bxe3+ 30. Qxe3 {1-0 (30) Roubalik,J (2351)-Chovan,M (2349) Slovakia SVK 2024}) 18... Qf7 19. Qe1 Na3 $146 ({RR} 19... Qf5 20. Ng3 Qxg5 21. Qe2 b5 22. a4 a6 23. axb5 axb5 24. Rb1 Bh6 25. Rxb5 Qc1+ 26. Qf1 Qxc3 27. Rxc5 Rxf2 28. Qxc4+ Qxc4 29. Rxc4 Rd2 30. Nf1 Rd1 31. Kf2 Kf7 32. Ke2 Rc1 33. Rxc1 Bxc1 34. Kd3 {Petzold,V (2061)-Suess,S (1833) Germany 2004 1-0 (64)}) 20. Rc1 Qxa2 21. g3 Qc4 22. Nf4 Nb5 23. Qf1 Qxf1+ 24. Kxf1 Rc8 25. Nd5 Kf7 26. Rb1 Nc7 27. Nf4 b5 28. Ke2 c4 29. e6+ Ke8 30. Kf3 a5 31. Ke4 b4 32. cxb4 Nb5 33. Be1 a4 34. Ra1 a3 35. Ne2 Rd8 36. Bf2 Rd6 37. Nc1 Bxd4 0-1

[Event "45th FIDE Chess Olympiad Open"]
[Site "Budapest, Hungary"]
[Date "2024.09.13"]
[Round "3.25"]
[White "Stremavicius, Titas"]
[Black "Keymer, Vincent"]
[Result "1-0"]
[WhiteElo "2527"]
[BlackElo "2730"]
[PlyCount "69"]
[EventDate "2024.??.??"]
[WhiteTeam "Lithuania"]
[BlackTeam "Germany"]
[WhiteTeamCountry "LTU"]
[BlackTeamCountry "GER"]
[WhiteClock "0:04:18"]
[BlackClock "0:00:43"]

1. d4 Nf6 2. c4 e6 3. Nf3 h6 4. g3 Bb4+ 5. Bd2 Be7 6. Bg2 d5 7. Qc2 O-O 8. O-O c6 9. Rd1 Nbd7 10. Bf4 a5 11. Nc3 b6 $146 ({RR} 11... dxc4 12. e4 Nb6 13. Ne5 Qe8 14. Be3 Nfd7 15. f4 Nxe5 16. dxe5 Nd7 17. Ne2 b5 18. b3 Ba6 19. bxc4 bxc4 20. Qd2 Nc5 21. Qxa5 c3 22. Nxc3 Be2 23. Qb6 Ra6 24. Qb2 Bxd1 25. Rxd1 Na4 26. Nxa4 {Morrison,G (2221)-Dardha,D (2575) Budva MNE 2023 0-1 (41)}) ({RR} 11... dxc4 12. Nd2 Nb6 13. e4 Bd7 14. Nf3 Be8 15. Qe2 Rc8 16. Ne5 Bd6 17. Be3 Bb8 18. Rac1 Qe7 19. Nxc4 Nxc4 20. Qxc4 Ba7 21. h3 Bd7 22. Qe2 Rfd8 23. Na4 Be8 24. Nc5 Nh7 25. e5 f5 26. f4 {Can,E (2549)-Sadhwani,R (2654) Sharjah UAE 2024 ½-½ (36)}) ({RR} 11... dxc4 12. Nd2 Nb6 13. e4 a4 14. a3 Bd7 15. Re1 Re8 16. Rad1 Qc8 17. Nf3 c5 18. d5 exd5 19. exd5 Bf5 20. Qc1 Bf8 21. Ne5 Ng4 22. d6 Nxe5 23. Bxe5 Bd3 24. Nb5 Qf5 25. Qf4 Qxf4 26. Bxf4 {Samadov,R (2482)-Yu Yangyi (2735) chess.com INT 2023 0-1 (40)}) 12. Ne5 Nxe5 13. dxe5 Nd7 14. cxd5 cxd5 15. e4 d4 16. Rxd4 g5 17. Be3 Bc5 18. Qe2 Qe8 19. Rd2 Ba6 20. Qd1 Nxe5 21. Bxc5 bxc5 22. f4 Nc4 23. Rf2 Ne3 24. Qf3 Nxg2 25. fxg5 hxg5 26. e5 Rb8 27. Ne4 f5 28. exf6 Bb7 29. Rxg2 Qg6 30. Re2 c4 31. Rf1 Bxe4 32. Rxe4 Rxb2 33. Rxe6 Qh7 34. f7+ Kh8 35. Qc3+ 1-0

[Event "45th FIDE Chess Olympiad Open"]
[Site "Budapest, Hungary"]
[Date "2024.09.13"]
[Round "3.26"]
[White "Bluebaum, Matthias"]
[Black "Pultinevicius, Paulius"]
[Result "1/2-1/2"]
[WhiteElo "2640"]
[BlackElo "2587"]
[PlyCount "118"]
[EventDate "2024.??.??"]
[WhiteTeam "Germany"]
[BlackTeam "Lithuania"]
[WhiteTeamCountry "GER"]
[BlackTeamCountry "LTU"]
[WhiteClock "0:29:14"]
[BlackClock "0:02:24"]

1. d4 Nf6 2. c4 e6 3. Nc3 d5 4. cxd5 exd5 5. Bg5 c6 6. e3 h6 7. Bh4 Be7 8. Bd3 O-O 9. Nge2 Re8 10. O-O Nbd7 11. f3 b5 12. Rc1 Bb7 ({RR} 12... a5 13. Qd2 Ba6 14. Nd1 Qb6 15. Bf5 b4 16. Re1 a4 17. Nf2 Bf8 18. Ng4 c5 19. dxc5 Bxc5 20. Nd4 Nxg4 21. Bxd7 Rxe3 22. Rxc5 Rd3 23. Qc1 Rxd4 24. Rc6 Qa7 25. Rc7 Qb6 26. Qc6 Qxc6 27. Bxc6 {Del Rio de Angelis,S (2376)-Zwirs,N (2485) Galdar (Gran Canaria) ESP 2024 1-0 (48)}) 13. Qd2 $146 ({RR} 13. Bf2 Rc8 14. Ng3 b4 15. Na4 c5 16. dxc5 Nxc5 17. Nxc5 Bxc5 18. Qd2 Qb6 19. Nf5 Ba6 20. Bxa6 Qxa6 21. b3 Qe6 22. Nd4 Bxd4 23. Qxd4 a5 24. Bg3 Rxc1 25. Rxc1 Qxe3+ 26. Qxe3 Rxe3 27. Kf2 Rc3 {Carlsen,M (2835)-Firouzja,A (2777) chess.com INT 2023 1-0 (53)}) ({RR} 13. Bf2 a6 14. h3 c5 15. dxc5 Nxc5 16. Nd4 Bf8 17. Nce2 Rc8 18. Bb1 Ne6 19. Qd2 Bc5 20. b3 b4 21. Rc2 Bd6 22. Rxc8 Qxc8 23. Rc1 Qd7 24. Bh4 Be7 25. Nf5 Bd8 26. Qxb4 Ng5 27. Qd6 a5 {Bluebaum,M (2647)-Perez Ponsa,F (2537) Chess.com INT 2022 1-0 (32)}) ({RR} 13. Bf2 Rc8 14. Ng3 b4 15. Nce2 c5 16. dxc5 Bxc5 17. Nf5 Ne5 18. Bb5 Re6 19. Ned4 Rb6 20. Be2 Qd7 21. g4 Nc4 22. b3 Nd6 23. Ng3 Ba6 24. Rc2 Bxd4 25. Rxc8+ Qxc8 26. Qxd4 Qc2 27. Bxa6 Rxa6 {Ponkratov,P (2580)-Flores,D (2532) chess.com INT 2023 ½-½ (96)}) 13... a6 14. Bf5 g6 15. Bh3 Nb6 16. b3 Nh7 17. Bxe7 Qxe7 18. Nd1 Ng5 19. Nf4 a5 20. Re1 a4 21. Nf2 axb3 22. axb3 Ra3 23. Rb1 Rea8 24. N4d3 Ra2 25. Rb2 Ra1 26. Nc5 R8a3 27. Reb1 R3a2 28. Qe1 Rxb1 29. Rxb1 h5 30. e4 dxe4 31. fxe4 Nxh3+ 32. Nxh3 Bc8 33. Nf2 Qg5 34. Qc3 b4 35. Qg3 Qd2 36. Rd1 Qb2 37. h3 Nd7 38. Na4 Qe2 39. Qf3 Qxf3 40. gxf3 Ba6 41. Nd3 Bxd3 42. Rxd3 h4 43. Nc5 Nxc5 44. dxc5 Rb2 45. Rd6 Rxb3 46. Kf2 Rc3 47. Rxc6 b3 48. Rb6 Kf8 49. Rb7 Ke8 50. c6 Kd8 51. e5 g5 52. Rxf7 Rxc6 53. Rb7 Rc3 54. e6 Ke8 55. Ke2 g4 56. fxg4 Rxh3 57. Kf2 Rg3 58. g5 Rxg5 59. Rxb3 Ke7 1/2-1/2

[Event "45th FIDE Chess Olympiad Open"]
[Site "Budapest, Hungary"]
[Date "2024.09.13"]
[Round "3.27"]
[White "Kazakouski, Valery"]
[Black "Donchenko, Alexander"]
[Result "1-0"]
[WhiteElo "2577"]
[BlackElo "2638"]
[PlyCount "147"]
[EventDate "2024.??.??"]
[WhiteTeam "Lithuania"]
[BlackTeam "Germany"]
[WhiteTeamCountry "LTU"]
[BlackTeamCountry "GER"]
[WhiteClock "0:02:48"]
[BlackClock "0:02:20"]

1. d4 Nf6 2. c4 e6 3. Nf3 b6 4. g3 Ba6 5. b3 Bb4+ 6. Bd2 Be7 7. Nc3 d5 8. cxd5 exd5 9. Bg2 O-O 10. O-O Nbd7 11. Bf4 Re8 12. Ne5 Bb7 13. Rc1 Nf8 14. Bg5 Ne6 15. Bxf6 Bxf6 16. e3 c5 17. f4 Rc8 $146 ({RR} 17... cxd4 18. exd4 a6 19. Qd3 Qd6 20. Rfd1 b5 21. Ne2 Bd8 22. h4 Nf8 23. Qf3 Bb6 24. Kh2 Qe7 25. Rc2 h6 26. Nd3 Nd7 27. b4 Nf6 28. Nc5 Bc8 29. Bh3 Bxh3 30. Kxh3 a5 31. a3 axb4 32. axb4 {Vrolijk,L (2418)-Esipenko,A (2540) Mamaia 2017 0-1 (46)}) 18. Qd3 a6 19. g4 cxd4 20. exd4 Be7 21. Qf5 Rf8 22. Ne2 Ba3 23. Rxc8 Qxc8 24. g5 a5 25. Rd1 Ba6 26. Ng3 g6 27. Qg4 Qc3 28. Nd7 Qe3+ 29. Kh1 Qxf4 30. Qxf4 Nxf4 31. Nxf8 Kxf8 32. Bf1 Bc8 33. Bb5 Nh3 34. Kg2 Nxg5 35. Bc6 Bg4 36. Re1 Bh3+ 37. Kf2 Be6 38. Ne2 Bd6 39. Ke3 Bxh2 40. Nc3 Bg3 41. Rh1 h5 42. Bxd5 Bd7 43. Rf1 f5 44. Ne2 Bd6 45. Rg1 f4+ 46. Kd2 Bg4 47. Rf1 Nh3 48. Bg2 Kg7 49. Kd3 Bc8 50. Kd2 Bg4 51. Kd3 Kh6 52. Kd2 Bc8 53. Rh1 Bb4+ 54. Nc3 Ng5 55. Rf1 Ne6 56. d5 Nd4 57. Kd3 f3 58. Bxf3 Ba6+ 59. Kxd4 Bxf1 60. Ne4 h4 61. d6 h3 62. d7 Be7 63. Nd6 Kg5 64. Ke3 Kh4 65. Kf2 Ba6 66. Nf7 g5 67. Ne5 Bc5+ 68. Ke1 Bb4+ 69. Kd1 Be7 70. Ng6+ Kg3 71. Nxe7 Kxf3 72. d8=Q h2 73. Qd5+ Kf2 74. Qf5+ 1-0

[Event "45th FIDE Chess Olympiad Open"]
[Site "Budapest, Hungary"]
[Date "2024.09.13"]
[Round "3.28"]
[White "Svane, Frederik"]
[Black "Laurusas, Tomas"]
[Result "1-0"]
[WhiteElo "2640"]
[BlackElo "2569"]
[PlyCount "157"]
[EventDate "2024.??.??"]
[WhiteTeam "Germany"]
[BlackTeam "Lithuania"]
[WhiteTeamCountry "GER"]
[BlackTeamCountry "LTU"]
[WhiteClock "0:02:22"]
[BlackClock "0:02:26"]

1. e4 e5 2. Nf3 Nf6 3. d4 Nxe4 4. dxe5 d5 5. Nbd2 Nc5 6. Be2 Be7 7. O-O O-O 8. Re1 Nc6 9. Nf1 Bf5 10. c3 Bg6 11. Ng3 Qd7 12. Bf4 $146 ({RR} 12. b4 Ne4 13. b5 Nb8 14. Nxe4 dxe4 15. Nd4 c5 16. Bg4 Qc7 17. Nf5 Rd8 18. Qa4 h5 19. Bh3 Qxe5 20. Bf4 Qxf4 21. Rxe4 Qd2 22. Nxe7+ Kh7 23. Nxg6 fxg6 24. g3 a6 25. Qa5 Nd7 26. bxa6 Nf6 {Durarbayli,V (2618)-Ghaem Maghami,E (2468) Las Vegas USA 2024 1-0 (34)}) 12... Rad8 13. Nd4 Ne6 14. Bg4 Ncxd4 15. cxd4 c5 16. Be3 cxd4 17. Bxd4 Qb5 18. Bxe6 fxe6 19. Qg4 Qa6 20. Rac1 Rc8 21. h4 Rc6 22. Rxc6 Qxc6 23. Re3 b6 24. Rc3 Qd7 25. h5 Bf5 26. Qd1 Bb4 27. Rf3 Be4 28. Rb3 Be7 29. Rc3 Bb4 30. Rb3 Be7 31. Rc3 Bb4 32. Re3 Bf5 33. a3 Be7 34. Rc3 h6 35. Qc1 Bd8 36. Rc6 Bh7 37. Rd6 Qa4 38. b4 Bh4 39. Rxe6 Bxg3 40. fxg3 Bd3 41. Bf2 Qd7 42. Rc6 Qf5 43. Qe1 Be4 44. e6 Qe5 45. Qc1 Re8 46. Qf4 Qxh5 47. g4 Qg5 48. Qxg5 hxg5 49. Rc7 Rxe6 50. Rxa7 b5 51. a4 bxa4 52. b5 d4 53. Bxd4 Rd6 54. Rxa4 Kf7 55. Kf2 Bb7 56. Be3 Kf6 57. Rc4 Rd5 58. b6 Rb5 59. Bd4+ Ke6 60. Rc7 Bd5 61. Rxg7 Rb4 62. Be3 Rb2+ 63. Ke1 Rb1+ 64. Kd2 Rb2+ 65. Kc1 Rb3 66. Bxg5 Bxg2 67. Kc2 Rb5 68. Be3 Kf6 69. Rc7 Rb4 70. g5+ Kg6 71. Kc3 Rb1 72. Rc4 Bb7 73. Rf4 Rb5 74. Rf6+ Kg7 75. Rd6 Be4 76. Bd4+ Kf8 77. g6 Rg5 78. g7+ Ke7 79. Bf6+ 1-0

[Event "45th FIDE Chess Olympiad Open"]
[Site "Budapest, Hungary"]
[Date "2024.09.13"]
[Round "3.29"]
[White "Vitiugov, Nikita"]
[Black "Bjerre, Jonas Buhl"]
[Result "1/2-1/2"]
[WhiteElo "2676"]
[BlackElo "2648"]
[PlyCount "129"]
[EventDate "2024.??.??"]
[WhiteTeam "England"]
[BlackTeam "Denmark"]
[WhiteTeamCountry "ENG"]
[BlackTeamCountry "DEN"]
[WhiteClock "0:03:05"]
[BlackClock "0:06:27"]

1. e4 e5 2. Nf3 Nc6 3. Bc4 Bc5 4. d3 Nf6 5. Nc3 a6 6. Be3 Bb4 7. O-O Bxc3 8. bxc3 d6 9. Ng5 O-O 10. f4 h6 $146 ({RR} 10... Qe7 11. Qe1 h6 12. Nf3 exf4 13. Bxf4 Be6 14. Bb3 a5 15. Nh4 a4 16. Bxe6 Qxe6 17. Nf5 Kh7 18. Qh4 Ng8 19. Rf3 Nce7 20. Nd4 Qd7 21. Raf1 Ng6 22. Qg3 Nxf4 23. Rxf4 f6 24. Nf5 Qf7 25. c4 {Singer,C (2356)-Karpatchev,A (2487) Bad Woerishofen 2013 0-1 (45)}) 11. Nf3 d5 12. exd5 Nxd5 13. Bc5 Re8 14. Nxe5 Nxe5 15. fxe5 Rxe5 16. Bd4 Rg5 17. h4 Rf5 18. Rxf5 Bxf5 19. Qf3 Be6 20. a4 f6 21. a5 Qd6 22. Rb1 Rb8 23. Qf2 Bf7 24. Re1 Re8 25. Rxe8+ Bxe8 26. Bb3 Bf7 27. Qf3 c6 28. Qg4 Qe7 29. Kf2 Be6 30. Qg3 c5 31. c4 Nb4 32. Be3 Nc6 33. Bxh6 Nxa5 34. Ba4 Nc6 35. Bxc6 bxc6 36. Be3 Bf7 37. Ke2 Bh5+ 38. Kd2 Qd8 39. Kc1 Kh7 40. Bxc5 Qa5 41. Bd4 Qb4 42. Qe3 a5 43. Bc5 Qc3 44. Bd4 Qa3+ 45. Kd2 Qd6 46. Bc5 Qd7 47. Qe4+ Kg8 48. Kc3 Kf7 49. Qh7 Qg4 50. Qh8 Qe2 51. Qf8+ Kg6 52. Qb8 Kh7 53. Qg3 Kg8 54. Bd4 Kh7 55. Kb2 a4 56. Bc5 Kg8 57. Bb4 Bg4 58. Bc3 Kh7 59. Bd4 Bh5 60. Bc5 Kg8 61. Kc3 Bg4 62. Ba3 Bh5 63. Bd6 Qd1 64. Kb2 Qd2 65. Qf4 1/2-1/2

[Event "45th FIDE Chess Olympiad Open"]
[Site "Budapest, Hungary"]
[Date "2024.09.13"]
[Round "3.30"]
[White "Andersen, Mads"]
[Black "Howell, David W L"]
[Result "1/2-1/2"]
[WhiteElo "2598"]
[BlackElo "2677"]
[PlyCount "92"]
[EventDate "2024.??.??"]
[WhiteTeam "Denmark"]
[BlackTeam "England"]
[WhiteTeamCountry "DEN"]
[BlackTeamCountry "ENG"]
[WhiteClock "0:10:56"]
[BlackClock "0:18:15"]

1. e4 e5 2. Nf3 Nc6 3. Bb5 Nf6 4. O-O Nxe4 5. Re1 Nd6 6. a4 Be7 7. Nc3 a6 8. Bf1 e4 9. Nxe4 Nxe4 10. Rxe4 d5 11. Re1 Bg4 12. h3 Bh5 13. c3 ({RR} 13. Be2 O-O 14. d4 Bd6 15. Ne5 Bxe2 16. Rxe2 Re8 17. Nxc6 bxc6 18. Rxe8+ Qxe8 19. Be3 Qe4 20. Qd2 Re8 21. Re1 Re6 22. Qc3 c5 23. Kf1 c4 24. Bd2 Qf5 25. b3 cxb3 26. Qxb3 h5 27. Rxe6 fxe6 {Caruana,F (2793)-Firouzja,A (2751) Saint Louis USA 2024 ½-½ (66)}) 13... d4 14. d3 O-O 15. Be2 $146 ({RR} 15. Bd2 Bxf3 16. Qxf3 Bg5 17. Rad1 Bxd2 18. Rxd2 Qd6 19. Rde2 Rad8 20. c4 Qb4 21. h4 Qxa4 22. g4 Qb4 23. Bg2 Qd6 24. g5 Rd7 25. h5 h6 26. Qf5 Re7 27. gxh6 Rxe2 28. h7+ Kh8 29. Rxe2 Qh6 {Giri,A (2745)-So,W (2757) Zagreb CRO 2024 ½-½ (60)}) ({RR} 15. Bd2 Bf6 16. c4 a5 17. g4 Bg6 18. Qb3 Rb8 19. Qb5 Qd6 20. Bxa5 Nxa5 21. Qxa5 Qf4 22. Kg2 h5 23. Qd2 Qd6 24. b4 hxg4 25. hxg4 c6 26. c5 Qd5 27. Qf4 Rbe8 28. Kg1 Bd8 29. Bg2 Rxe1+ {Narva,M (2418)-Injac,T (2411) Xi'an CHN 2024 1-0 (48)}) 15... Bg6 16. Bf4 Re8 17. Bf1 Qd7 18. Qb3 Na5 19. Qa2 dxc3 20. bxc3 Bd6 21. Rxe8+ Rxe8 22. Qd5 Qf5 23. Qxf5 Bxf5 24. Be3 c5 25. Nd2 Rc8 26. g4 Bd7 27. Bg2 Kf8 28. Bd5 Be7 29. Nc4 Nxc4 30. dxc4 a5 31. Bxb7 Rb8 32. Ba6 Rb3 33. Bb5 Be6 34. Kg2 Bd6 35. Rd1 Ke7 36. Bg5+ f6 37. Bd2 Be5 38. Be3 Bd6 39. Bd2 Be5 40. Be3 Bd6 41. Re1 g5 42. Rc1 h6 43. Re1 Kf7 44. Rd1 Ke7 45. Re1 Kf7 46. Rd1 Ke7 1/2-1/2

[Event "45th FIDE Chess Olympiad Open"]
[Site "Budapest, Hungary"]
[Date "2024.09.13"]
[Round "3.31"]
[White "McShane, Luke J"]
[Black "Thybo, Jesper Sondergaard"]
[Result "1/2-1/2"]
[WhiteElo "2611"]
[BlackElo "2555"]
[PlyCount "77"]
[EventDate "2024.??.??"]
[WhiteTeam "England"]
[BlackTeam "Denmark"]
[WhiteTeamCountry "ENG"]
[BlackTeamCountry "DEN"]
[WhiteClock "0:01:20"]
[BlackClock "0:24:44"]

1. e4 e5 2. Nf3 Nc6 3. Bb5 Nf6 4. d3 Bc5 5. Bxc6 dxc6 6. Nbd2 Nd7 7. Nc4 f6 8. Bd2 ({RR} 8. c3 Nb6 9. Na5 O-O 10. O-O Rb8 11. b4 Bd6 12. Be3 Be6 13. Nd2 Qd7 14. Qc2 Nc8 15. a3 b6 16. Nab3 Ne7 17. f4 exf4 18. Bxf4 Ng6 19. Bxd6 cxd6 20. Nd4 d5 21. Rae1 Rfe8 22. Qd1 Rbd8 {Firouzja,A (2759)-Carlsen,M (2847) chess24.com INT 2021 ½-½ (44)}) ({RR} 8. c3 Nf8 9. Be3 Bxe3 10. Nxe3 Be6 11. d4 Ng6 12. O-O O-O 13. Qa4 a5 14. Rad1 Qe7 15. Nf5 Qf7 16. dxe5 Nxe5 17. Nxe5 fxe5 18. Ne3 Qg6 19. Qc2 Rf4 20. f3 Raf8 21. Qe2 Qf7 22. Rd2 Qe7 {Pranesh,M (2598)-Concio,M (2373) Abu Dhabi UAE 2024 1-0 (34)}) 8... Nf8 9. b4 Be7 10. a4 Ng6 $146 ({RR} 10... Ne6 11. O-O O-O 12. Qb1 Qe8 13. b5 b6 14. Qb2 Kh8 15. Ne3 Bc5 16. Bb4 Bxb4 17. Qxb4 Nd4 18. Nxd4 c5 19. Qd2 exd4 20. Nd5 Qd7 21. Qf4 Rf7 22. Qg3 Bb7 23. Nf4 a6 24. h4 axb5 25. axb5 {Navara,D (2700)-Bruedigam,M (2386) Germany 2022 1-0 (38)}) 11. Ne3 O-O 12. h4 f5 13. Bc3 fxe4 14. dxe4 Nxh4 15. Nxh4 Bxh4 16. Qxd8 Bxd8 17. Nc4 Bf6 18. Nxe5 g5 19. O-O-O Re8 20. Rh5 h6 21. f4 Bxe5 22. fxe5 Bg4 23. Rxh6 Bxd1 24. e6 Kf8 25. Rh7 Be2 26. e7+ Rxe7 27. Rh8+ Kf7 28. Rxa8 Rxe4 29. Rxa7 Ba6 30. b5 cxb5 31. axb5 Bxb5 32. Rxb7 Bf1 33. Rxc7+ Kg6 34. g3 Re3 35. g4 Re4 36. Rc6+ Kh7 37. Rc7+ Kg6 38. Rc6+ Kh7 39. Rc7+ 1/2-1/2

[Event "45th FIDE Chess Olympiad Open"]
[Site "Budapest, Hungary"]
[Date "2024.09.13"]
[Round "3.32"]
[White "Olsen, Filip Boe"]
[Black "Jones, Gawain C B"]
[Result "1/2-1/2"]
[WhiteElo "2441"]
[BlackElo "2646"]
[PlyCount "128"]
[EventDate "2024.??.??"]
[WhiteTeam "Denmark"]
[BlackTeam "England"]
[WhiteTeamCountry "DEN"]
[BlackTeamCountry "ENG"]
[WhiteClock "0:05:15"]
[BlackClock "0:09:50"]

1. d4 Nf6 2. Nf3 g6 3. Bf4 Bg7 4. e3 d6 5. h3 O-O 6. Be2 Nbd7 7. a4 ({RR} 7. Bh2 b6 8. O-O Bb7 9. a4 a6 10. Nbd2 Qe8 11. Nc4 Ne4 12. c3 e5 13. Qc2 Qe7 14. Rad1 Rad8 15. Ne1 Rfe8 16. d5 f5 17. f3 Nef6 18. e4 f4 19. b4 Kh8 20. Nd3 c6 21. dxc6 Bxc6 {Agrest,E (2593)-Guseinov,G (2643) Chess.com INT 2017 0-1 (70)}) 7... b6 $146 ({RR} 7... Qe8 8. a5 e5 9. Bh2 a6 10. O-O Qe7 11. Re1 Re8 12. c4 Ne4 13. Nc3 Nxc3 14. bxc3 Kh8 15. Nd2 f5 16. Bf3 Rf8 17. Rb1 c6 18. Nb3 g5 19. Qc1 e4 20. Be2 Rf6 21. Qa3 Rg6 22. Nd2 {Eksmyr,J (2175)-Burwick,M (2245) Sweden 1996 1-0 (71)}) ({RR} 7... a5 8. Na3 b6 9. c3 Bb7 10. O-O Re8 11. Bh2 e5 12. Nb5 Ne4 13. Qb3 exd4 14. cxd4 Ng5 15. Nxg5 Qxg5 16. Bg3 Rac8 17. Bc4 Re7 18. Kh2 Nf6 19. f4 Qh5 20. Qd1 Qxd1 21. Raxd1 Rxe3 22. Bh4 {Mingo Fernandez,M (2177)-Akhilbay,I (2255) chess.com INT 2024 0-1 (41)}) ({RR} 7... Qe8 8. Bh2 e5 9. O-O Qe7 10. a5 a6 11. Na3 Re8 12. Re1 h6 13. c3 Nh7 14. b4 Ng5 15. Nc4 Nxf3+ 16. Bxf3 e4 17. Be2 d5 18. Nb2 Nf6 19. Na4 Be6 20. Qb3 Red8 21. c4 dxc4 22. Bxc4 {Ye,R (2490)-Ginting,N (2400) Kuala Lumpur 1990 1-0 (59)}) ({RR} 7... Qe8 8. a5 e5 9. Bh2 a6 10. O-O Ne4 11. c3 Kh8 12. Ra4 f5 13. Rc4 c6 14. Rb4 Qd8 15. Ra4 g5 16. Bd3 exd4 17. cxd4 d5 18. Nc3 Qe7 19. Ra3 g4 20. hxg4 fxg4 21. Bxe4 dxe4 22. Nd2 {Eksmyr,J (2210)-Linusson,P (2238) Sweden 2017 0-1 (39)}) 8. O-O a5 9. Nc3 Bb7 10. Re1 e6 11. Bb5 Ne4 12. Nxe4 Bxe4 13. c3 h6 14. Bg3 Nf6 15. Nd2 Bb7 16. e4 e5 17. Bh4 Qc8 18. d5 Ba6 19. Bc6 Bb7 20. Bb5 Kh8 21. b4 Nh5 22. bxa5 bxa5 23. c4 Nf4 24. c5 dxc5 25. Be7 Rg8 26. Bxc5 c6 27. dxc6 Bxc6 28. Be3 Qd7 29. Qb3 Rgc8 30. Bxc6 Rxc6 31. Nf3 Qc7 32. Bxf4 exf4 33. Rab1 Rc4 34. e5 Re8 35. Qb5 Re7 36. h4 Rc5 37. Qb8+ Kh7 38. Qxc7 Rexc7 39. Rb5 Rxb5 40. axb5 Rb7 41. Rb1 Bf8 42. Nd2 Bb4 43. Nc4 Rxb5 44. Nxa5 Rxa5 45. Rxb4 g5 46. Rb7 Kg8 47. Rb6 Kg7 48. e6 f5 49. h5 Ra1+ 50. Kh2 Re1 51. f3 Re2 52. e7 Rxe7 53. Rg6+ Kh7 54. Rf6 Re5 55. Kg1 Ra5 56. Rf7+ Kg8 57. Rf6 Kg7 58. Rg6+ Kf7 59. Rxh6 g4 60. fxg4 fxg4 61. g3 Ra1+ 62. Kf2 Ra2+ 63. Kf1 Ra1+ 64. Kf2 Ra2+ 1/2-1/2

[Event "45th FIDE Chess Olympiad Open"]
[Site "Budapest, Hungary"]
[Date "2024.09.13"]
[Round "3.33"]
[White "Maghsoodloo, Parham"]
[Black "Mchedlishvili, Mikheil"]
[Result "1-0"]
[WhiteElo "2723"]
[BlackElo "2574"]
[PlyCount "59"]
[EventDate "2024.??.??"]
[WhiteTeam "Iran"]
[BlackTeam "Georgia"]
[WhiteTeamCountry "IRI"]
[BlackTeamCountry "GEO"]
[WhiteClock "0:09:04"]
[BlackClock "0:01:20"]

1. c4 Nf6 2. Nc3 d5 3. cxd5 Nxd5 4. Qa4+ Nc6 5. Nf3 ({RR} 5. g3 g6 6. Bg2 Nxc3 7. Bxc6+ bxc6 8. Qxc6+ Bd7 9. Qxc3 Rg8 10. Nf3 Bg7 11. Qc2 Rb8 12. Rb1 Bh3 13. b3 Bg2 14. Rg1 Bxf3 15. exf3 Qd5 16. Qe4 Qa5 17. a4 Kf8 18. Ba3 Bf6 19. Kf1 Qxd2 {Nakamura,H (2787)-Chirila,I (2530) Chess.com INT 2016 1-0 (53)}) 5... g6 ({RR} 5... Nb6 6. Qh4 e6 7. Qxd8+ Nxd8 8. Nb5 Bd6 9. d4 Bd7 10. Nxd6+ cxd6 11. Bf4 Ke7 12. e3 Nc6 13. Kd2 f6 14. Bg3 Rac8 15. Be2 e5 16. Rhc1 h5 17. h4 Bg4 18. b3 e4 19. Ne1 Bxe2 20. Kxe2 {Tavazoh,A (1569)-Maghsoudloo,A (1821) Tornelo INT 2021 0-1 (55)}) 6. h4 $146 ({RR} 6. Nxd5 Qxd5 7. e4 Qd6 8. Bc4 Bg7 9. d4 Bxd4 10. Nxd4 Qxd4 11. Be3 Qg7 12. O-O-O O-O 13. h4 h6 14. Bd5 Ne5 15. Bd4 e6 16. Bb3 f6 17. Bc5 Bd7 18. Bxf8 Bxa4 19. Bxg7 Bxb3 20. axb3 Kxg7 {Rossi,C (2330)-Gorelli Fagiolini,M (2235) Bratto 1998 1-0}) 6... Nb6 7. Qd1 Bg4 8. Nh2 Bf5 9. e4 Be6 10. Bb5 Bg7 11. Nf3 Bg4 12. Bxc6+ bxc6 13. Qc2 Qd7 14. Nh2 Be6 15. b3 O-O 16. Bb2 Rfd8 17. Ne2 c5 18. h5 c4 19. hxg6 hxg6 20. Nf3 cxb3 21. axb3 Qd3 22. Qxd3 Rxd3 23. Bxg7 Kxg7 24. Ng5 Kg8 25. Nf4 Rxb3 26. Nfxe6 fxe6 27. Rh6 a5 28. Ke2 Kf8 29. Rh8+ Kg7 30. Rh7+ 1-0

[Event "45th FIDE Chess Olympiad Open"]
[Site "Budapest, Hungary"]
[Date "2024.09.13"]
[Round "3.34"]
[White "Paichadze, Luka"]
[Black "Tabatabaei, M. Amin"]
[Result "1/2-1/2"]
[WhiteElo "2516"]
[BlackElo "2714"]
[PlyCount "72"]
[EventDate "2024.??.??"]
[WhiteTeam "Georgia"]
[BlackTeam "Iran"]
[WhiteTeamCountry "GEO"]
[BlackTeamCountry "IRI"]
[WhiteClock "0:10:12"]
[BlackClock "0:07:36"]

1. e4 e5 2. Nf3 Nc6 3. d4 exd4 4. Nxd4 Nf6 5. Nxc6 bxc6 6. Bd3 d5 7. exd5 cxd5 8. O-O Be7 9. h3 O-O 10. Nd2 c5 ({RR} 10... a5 11. Re1 Bb7 12. Nf3 Ne4 13. Be3 Bf6 14. c3 a4 15. a3 c5 16. Qc2 Qb6 17. Re2 Ba6 18. Ne1 h6 19. Rd1 Rfd8 20. Bxa6 Qxa6 21. Nd3 Qc4 22. Ree1 d4 23. Ne5 Bxe5 24. Qxe4 Bf6 25. cxd4 {Jobava,B (2669)-Vallejo Pons,F (2705) Gallipoli 2018 0-1 (49)}) 11. b3 Qc7 $146 ({RR} 11... a5 12. a4 Be6 13. Bb2 Rb8 14. Be5 Bd6 15. f4 Bxe5 16. fxe5 Nd7 17. Qh5 g6 18. Qe2 Qg5 19. Nf3 Qg3 20. Kh1 Rb4 21. Bb5 Re4 22. Qd2 Nxe5 23. Nxe5 Qxe5 24. Qxa5 Bxh3 25. gxh3 Re3 26. Qd2 {Pacher,M (2415)-Kantor,G (2526) Kisujszallas 2021 0-1 (58)}) ({RR} 11... Rb8 12. Re1 Rb6 13. Bb2 Bb7 14. a4 Nd7 15. Qg4 Bf6 16. Bxf6 Nxf6 17. Qh4 Re8 18. Nf3 Rb4 19. Qg3 Ne4 20. Bxe4 Rbxe4 21. Rxe4 dxe4 22. Nh2 Qd2 23. Ng4 Qd4 24. Re1 Bc8 25. Ne3 Be6 26. Rd1 {Socko,B (2551)-Salinas Herrera,P (2487) Bydgoszcz POL 2024 1-0 (59)}) ({RR} 11... d4 12. Qf3 Be6 13. Ne4 Bd5 14. Re1 Bxe4 15. Bxe4 Nxe4 16. Qxe4 Bd6 17. Bd2 Re8 18. Qc6 Re6 19. Rxe6 fxe6 20. Re1 Rc8 21. Qe4 e5 22. Qd5+ Kh8 23. Re4 Bb8 24. Qc4 Qg8 25. Qxg8+ Kxg8 26. f4 {Benson,P (1988)-Jukes,S (1797) Basingstoke 2018 ½-½ (40)}) 12. Re1 h6 13. Bb2 Be6 14. Qf3 Rad8 15. Bf5 Bxf5 16. Qxf5 Qd7 17. Qf3 Nh7 18. Re2 Bf6 19. Bxf6 Nxf6 20. Rae1 Rfe8 21. Qd3 Rxe2 22. Rxe2 Re8 23. Rxe8+ Qxe8 24. Nf3 Qc6 25. Qe3 Kf8 26. Ne5 Qc7 27. Nd3 Nd7 28. Qd2 Nf6 29. Qe1 c4 30. Qe5 Qc8 31. Nb4 cxb3 32. axb3 Kg8 33. Nxd5 Nxd5 34. Qxd5 Qxc2 35. Qa8+ Kh7 36. Qxa7 Qxb3 1/2-1/2